| 000 | 00724nam a2200121Ia 4500 | ||
|---|---|---|---|
| 008 | 220615s9999||||xx |||||||||||||| ||und|| | ||
| 100 | _aNührenbörger, Marcus||Rösken-Winter, Bettina||Fung, Chun Ip||Schwarzkopf, Ralph||Wittmann, Erich Christian||Akinwunmi, Kathrin||Lensing, Felix||Schacht, Florian | ||
| 245 | 0 | _aDesign Science and Its Importance in the German Mathematics Educational Discussion | |
| 546 | _aEnglish[eng] | ||
| 650 | _aMathematics Education||Learning||Teaching | ||
| 856 | _uhttps://library.oapen.org/bitstream/20.500.12657/27830/1/1002175.pdf||https://library.oapen.org/bitstream/20.500.12657/27830/1/1002175.pdf||https://library.oapen.org/bitstream/20.500.12657/27830/1/1002175.pdf | ||
| 942 | _cEB | ||
| 999 |
_c10494 _d10494 |
||